[Event "24PCR_F"]
[Site "?"]
[Date "2011.??.??"]
[Round "?"]
[White "Bultman, Milan"]
[Black "Portych, Vaclav"]
[Result "1/2-1/2"]
[WhiteElo "2201"]
[BlackElo "1987"]
[PlyCount "53"]
[EventDate "2011.??.??"]
[EventType "corr"]
[EventRounds "1"]
[SourceDate "2010.08.23"]

1. d4 Nf6 2. Nf3 g6 3. Nc3 d5 4. Bf4 Bg7 5. e3 O-O 6. Bd3 c5 7. dxc5 Nbd7 8.
O-O Nxc5 9. Be5 b6 10. Nd4 Bb7 11. f4 Ncd7 12. Qf3 Nxe5 13. fxe5 Nd7 14. e6
fxe6 15. Qg4 Nc5 16. Rxf8+ Qxf8 17. Rf1 Qb8 18. b4 Qe5 19. bxc5 Qxe3+ 20. Kh1
Bxd4 21. Nd1 Qe5 22. c6 Bxc6 23. Bxg6 hxg6 24. Qxg6+ Kh8 25. Qh6+ Kg8 26. Qg6+
Kh8 27. Qh6+ 1/2-1/2

[Event "24PCR_F"]
[Site "?"]
[Date "2011.??.??"]
[Round "?"]
[White "Pavlicek, Miroslav"]
[Black "Slavik, Miroslav"]
[Result "0-1"]
[WhiteElo "2213"]
[BlackElo "2236"]
[PlyCount "80"]
[EventDate "2011.??.??"]
[EventType "corr"]
[EventRounds "1"]
[SourceDate "2010.08.23"]

1. e4 c6 2. d4 d5 3. e5 Bf5 4. Nf3 e6 5. Be2 c5 6. Be3 Qb6 7. Nc3 Nc6 8. O-O
Qxb2 9. Qe1 cxd4 10. Bxd4 Nxd4 11. Nxd4 Bb4 12. Rb1 Bxc3 13. Rxb2 Bxe1 14. Rxe1
b6 15. Nb5 Ke7 16. g4 Be4 17. f3 Bg6 18. c4 dxc4 19. Bxc4 Nh6 20. Rd2 a6 21.
Nd6 b5 22. Bb3 a5 23. Nxb5 a4 24. Bc4 Rhc8 25. Nd6 Rc5 26. h4 Rb8 27. Kf2 Rb1
28. Ree2 Rh1 29. h5 Bb1 30. Kg2 Rc1 31. Rb2 Rc7 32. Kg3 a3 33. Rb3 f5 34. exf6+
Kxd6 35. Rxe6+ Kc5 36. Re7 Rc6 37. f7 Rf6 38. Rc7+ Kd4 39. Rb4 Ke3 40. Rd7
Rxf3+ 0-1